[Event "SVK-ch Amateurs"]
[Site "Liptovsky Jan"]
[Date "2023.06.18"]
[Round "7"]
[White "Zrost, Daniel"]
[Black "Zentko, Ladislav"]
[Result "1-0"]
[WhiteElo "1150"]
[BlackElo "1653"]
[PlyCount "51"]
[EventDate "2023.06.15"]
[EventType "swiss"]
[EventRounds "8"]
[EventCountry "SVK"]
[SourceTitle "CBM 214 Extra"]
[Source "ChessBase"]
[SourceDate "2023.07.31"]
[SourceVersion "1"]
[SourceVersionDate "2023.07.31"]
[SourceQuality "1"]

1. d4 Nf6 2. c4 e6 3. Nc3 d5 4. Nf3 Be7 5. Bg5 Nbd7 6. e3 h6 7. Bh4 Ne4 8. Bxe7 Qxe7 9. Bd3 Nxc3 10. bxc3 Nf6 11. 0-0 0-0 12. Ne5 Nd7 13. Nxd7 Bxd7 14. cxd5 exd5 15. c4 dxc4 16. Bxc4 b5 17. Bd3 b4 18. Rb1 a5 19. Qd2 Rfc8 20. Rfc1 c5 21. dxc5 Rxc5 22. Rxc5 Qxc5 23. Rc1 Qa7 24. h3 Kf8 25. Be4 Bc8 26. Qd8# 1-0

[Event "SVK-ch Amateurs"]
[Site "Liptovsky Jan"]
[Date "2023.06.15"]
[Round "1"]
[White "Zrost, Daniel"]
[Black "Mydliar, Jan"]
[Result "1/2-1/2"]
[WhiteElo "1150"]
[BlackElo "1811"]
[PlyCount "77"]
[EventDate "2023.06.15"]
[EventType "swiss"]
[EventRounds "8"]
[EventCountry "SVK"]
[SourceTitle "CBM 214 Extra"]
[Source "ChessBase"]
[SourceDate "2023.07.31"]
[SourceVersion "1"]
[SourceVersionDate "2023.07.31"]
[SourceQuality "1"]

1. d4 Nf6 2. c4 g6 3. Nc3 d5 4. Bg5 Ne4 5. Nxe4 dxe4 6. e3 Bg7 7. Ne2 0-0 8. Nc3 h6 9. Bf4 f5 10. Be2 c6 11. 0-0 Nd7 12. Qc2 e5 13. Bxe5 Nxe5 14. dxe5 Bxe5 15. Rfd1 Qc7 16. g3 Be6 17. Rd2 Rad8 18. Rad1 Rxd2 19. Qxd2 Qf7 20. b3 Bf6 21. Qc2 Qc7 22. Bf1 Rd8 23. Ne2 Bf7 24. Nf4 Rd7 25. c5 Qd8 26. Rxd7 Qxd7 27. Bc4 Kh7 28. Bxf7 Qxf7 29. Qd2 Be5 30. h4 Qe7 31. h5 Bxf4 32. hxg6+ Kxg6 33. gxf4 Qxc5 34. Qd7 Qd5 35. Qxb7 a5 36. Qc8 Qd1+ 37. Kg2 Qf3+ 38. Kf1 Qd1+ 39. Kg2 1/2-1/2